| 000 | 00605nam a2200205Ia 4500 | ||
|---|---|---|---|
| 003 | OSt | ||
| 005 | 20240523085244.0 | ||
| 008 | 210716s2003 xx 000 0 und d | ||
| 020 | _a0471268305 | ||
| 040 | _cAIMIT LIBRARY | ||
| 041 | _aeng | ||
| 082 |
_a374.22 _21 _bPAUD |
||
| 100 |
_aPaul, Dan. _9166921 |
||
| 245 |
_aCure : _benterprise medicine for business novel for managers / _cBy Dan Paul and Jeff Cox. |
||
| 250 | _a1st ed. | ||
| 260 |
_aNew Jersey : _bJohn Willy & Sons,Inc , _c2003. |
||
| 300 |
_a288p. ; _bHB _c23.5 cm |
||
| 700 |
_aCox, Jeff. _9166922 |
||
| 942 |
_2ddc _cBK _e1st _k374.22 PAUD |
||
| 999 |
_c206757 _d206757 |
||